The Studio-X New York guide to liberating new forms of conversation / (Record no. 26710)

000 -LEADER
fixed length control field 01510cam a22003134a 4500
001 - CONTROL NUMBER
control field 16313843
003 - CONTROL NUMBER IDENTIFIER
control field OSt
005 - DATE AND TIME OF LATEST TRANSACTION
control field 20170206101256.0
008 - FIXED-LENGTH DATA ELEMENTS--GENERAL INFORMATION
fixed length control field 100702s2010 nyua 001 0 eng
010 ## - LIBRARY OF CONGRESS CONTROL NUMBER
LC control number 2010028294
020 ## - INTERNATIONAL STANDARD BOOK NUMBER
International Standard Book Number 1883584655
040 ## - CATALOGING SOURCE
Original cataloging agency DLC
Transcribing agency DLC
043 ## - GEOGRAPHIC AREA CODE
Geographic area code n-us-ny
050 00 - LIBRARY OF CONGRESS CALL NUMBER
Classification number NA2750 .S92 2010
082 00 - DEWEY DECIMAL CLASSIFICATION NUMBER
Classification number 720.71/17471
Edition number 22
245 04 - TITLE STATEMENT
Title The Studio-X New York guide to liberating new forms of conversation /
Statement of responsibility, etc. edited by Gavin Browning ; afterword by Mark Wigley.
250 ## - EDITION STATEMENT
Edition statement 1st ed.
260 ## - PUBLICATION, DISTRIBUTION, ETC. (IMPRINT)
Place of publication, distribution, etc. New York :
Name of publisher, distributor, etc. Graduate School of Architecture, Planning, and Preservation, Columbia University,
Date of publication, distribution, etc. 2010.
300 ## - PHYSICAL DESCRIPTION
Extent 193 p. :
Other physical details ill. (some col.) ;
Dimensions 22 cm.
500 ## - GENERAL NOTE
General note Includes index.
650 #0 - SUBJECT ADDED ENTRY--TOPICAL TERM
Topical term or geographic name as entry element Communication in architectural design
Geographic subdivision New York (State)
-- New York.
650 #0 - SUBJECT ADDED ENTRY--TOPICAL TERM
Topical term or geographic name as entry element Forums (Discussion and debate)
Geographic subdivision New York (State)
-- New York.
650 #0 - SUBJECT ADDED ENTRY--TOPICAL TERM
Topical term or geographic name as entry element Architecture
General subdivision Study and teaching (Graduate)
Geographic subdivision New York (State)
-- New York.
700 1# - ADDED ENTRY--PERSONAL NAME
Personal name Browning, Gavin.
710 2# - ADDED ENTRY--CORPORATE NAME
Corporate name or jurisdiction name as entry element Columbia University.
Subordinate unit Graduate School of Architecture, Planning, and Preservation.
906 ## - LOCAL DATA ELEMENT F, LDF (RLIN)
a 7
b cbc
c orignew
d 1
e ecip
f 20
g y-gencatlg
942 ## - ADDED ENTRY ELEMENTS (KOHA)
Source of classification or shelving scheme
Koha item type Hard Covered Materials
Classification part NA2750 .S92 2010
Call number prefix 34382
Holdings
Withdrawn status Lost status Source of classification or shelving scheme Damaged status Not for loan Home library Current library Shelving location Date acquired Source of acquisition Total Checkouts Full call number Barcode Date last seen Price effective from Koha item type
          MACHAKOS UNIVERSITY LIBRARY MACHAKOS UNIVERSITY LIBRARY Technical section 06/02/2017 Donation(BFA)   NA2750 .S92 2010 34382 10/07/2018 06/02/2017 Hard Covered Materials
© Machakos University Library, Along The Highway, Machakos Wote Rd, Machakos, Kenya P.O. Box 136 - 90100 Machakos - Kenya

Tel: ( +254 ) 723 805829 OR Fax : 044-20353 OR Email: library@mksu.ac.ke